| 000 | 00668nam a2200205 i 4500 | ||
|---|---|---|---|
| 001 | 185546 | ||
| 003 | ES-MaACL | ||
| 005 | 20250629063152.0 | ||
| 008 | 160706s1935 ck |||| | spa d | ||
| 080 | _a811.134.2'282(7/8) | ||
| 100 | 1 |
_aCuervo, Rufino José, _d1844-1911 _942021 |
|
| 245 | 1 | 3 |
_aEl castellano en América / _cpor Rufino José Cuervo. |
| 260 |
_aBogotá : _bEd. del Minerva, _c1935. |
||
| 300 |
_a154 p. ; _c20 cm. |
||
| 490 | 1 |
_aBiblioteca aldeana de Colombia ; _v2 |
|
| 650 |
_aLengua española- _zAmérica. _914118 |
||
| 830 | 1 |
_aBiblioteca aldeana de Colombia ; _v2 _9192338 |
|
| 852 |
_aES-MaACL _jC-6995 |
||
| 999 |
_c185546 _d185546 |
||